000
00260nam a22001217a 4500
008
170824b xxu||||| |||| 00| 0 eng d
041
_a
eng
080
_2
6 ed
_a
51
100
_a
38
101
_a
mat
245
_a
PREALGEBRA
_c
BITTINGER.M.L
942
_2
udc
_c
BK
999
_c
24896
_d
24896